[Event "22nd ch-EUR Indiv 2022"]
[Site "Terme Catez SLO"]
[Date "2022.04.06"]
[Round "11.144"]
[White "Giacomini, Hector"]
[Black "Kuznetsova, Elyzaveta"]
[Result "1-0"]
[WhiteElo "2129"]
[BlackElo "1366"]
[WhiteFideId "605352"]
[BlackFideId "14189950"]
[EventDate "2022.03.27"]

1. d4 d5 2. c4 e6 3. Nc3 Nf6 4. cxd5 exd5 5. Bg5 c6 6. e3 h6 7. Bh4 Be7 8. Bd3
O-O 9. Qc2 Nbd7 10. Nge2 b6 11. O-O Bb7 12. Rfd1 Ne8 13. Bg3 Bd6 14. e4 Bxg3 15.
Nxg3 Nc7 16. e5 Ne6 17. Nf5 a5 18. Nd6 Ba6 19. Bh7+ Kh8 20. Bf5 Qc7 21. Nxf7+
Rxf7 22. Bxe6 Re7 23. Nxd5 Qd8 24. Nxe7 Qxe7 25. Qxc6 Rd8 26. Bxd7 Rxd7 27. Qa8+
Qd8 28. Qxa6 Rxd4 29. Qe2 1-0

[Event "22nd ch-EUR Indiv 2022"]
[Site "Terme Catez SLO"]
[Date "2022.04.06"]
[Round "11.145"]
[White "Pasti, Zsombor"]
[Black "Shevchenko, Matviei"]
[Result "1-0"]
[WhiteElo "1773"]
[BlackElo "1326"]
[WhiteFideId "799173"]
[BlackFideId "14188678"]
[EventDate "2022.03.27"]

1. e4 c6 2. d4 d5 3. exd5 cxd5 4. Bd3 Nc6 5. c3 Nf6 6. Bf4 g6 7. Nf3 Bg7 8. Nbd2
O-O 9. O-O h6 10. Re1 Re8 11. b3 a6 12. a4 Bg4 13. h3 Bh5 14. Qc2 g5 15. Bh2 g4
16. hxg4 Bxg4 17. Ne5 Rc8 18. Qb2 Nxe5 19. Bxe5 Nd7 20. Bxg7 Kxg7 21. Re3 Rg8
22. Rae1 e6 23. Nf1 Kh8 24. Qd2 Qg5 25. Ng3 f5 26. f3 Bxf3 27. Bf1 Be4 28. Nxe4
fxe4 29. c4 Nf6 30. Qb4 Ng4 31. Rh3 Rg7 32. Qd6 Qf5 33. Qg3 Rcg8 34. Be2 Kh7 35.
Qh4 Rg6 36. Rf1 Qg5 37. Rf7+ R8g7 38. Rxg7+ Kxg7 39. Qxg5 Rxg5 40. cxd5 exd5 41.
Rc3 Kg8 42. Rc8+ Kg7 43. Rc7+ Kg8 44. Rxb7 Ne3 45. Kf2 Nxg2 46. Bxa6 Nf4 47. a5
Rg6 48. Bf1 Nd3+ 49. Bxd3 exd3 50. Ke3 h5 51. b4 h4 52. Rb5 Rg5 53. a6 Kf7 54.
a7 Rg8 55. Rb8 Rg3+ 56. Kd2 Rg2+ 57. Kxd3 Ra2 58. a8=Q Rxa8 59. Rxa8 h3 60. Ra2
h2 61. Rxh2 Ke7 62. b5 Kd6 63. Kc3 Kc7 64. Kb4 Kb6 65. Rh6+ Kb7 66. Kc5 Kc7 67.
Rh7+ Kd8 68. Kc6 Ke8 69. b6 Kf8 70. b7 Kg8 71. Rc7 Kh8 72. b8=R# 1-0